Dynasties of the world

Bibliographic Details
Main Author: Morby, John E
Format: Book
Published: New York : Oxford University Press , 1989
Subjects:

MARC

LEADER 00000cam a2200000 7i4500
001 0000025008
005 20090203.0
008 090203
020 |a 0198604734 
090 0 0 |a 909   |b MOR 
100 1 |a Morby, John E 
245 1 0 |a Dynasties of the world   |c John E. Morby 
260 |a New York :   |b Oxford University Press ,   |c 1989 
650 0 |a Kings and rulers   |x Geneology 
999 |a 0001039531   |b Book   |c Adult Collection   |e Perbadanan Perpustakaan Awam Johor